00452nam a2200121Ia 4500001000400000008004100004082002000045100006500065245013400130260002400264901002700288999001500315882241024s9999 xx 000 0 und d aRD/373.71/R426i aRepública Dominicana.Secretaría de Estado de Educación 0ainforme final de estudio Experiencias innovadoras en la enseñanza del nivel madio y en la formación y actualización docente bSanto Domingoc2000 a14/1/2011 2:37:07 p.m. c8552d8552